00913nam a22003257a 450000500170000000800410001702000150005804100080007308200210008110000260010224500630012826000140019126000130020526000090021830000190022749000290024665000220027565000270029765000190032465000260034365000300036965000330039965000110043265000260044365000240046965000260049365000120051965000280053165000280055920251126190550.0150310b2006 xxu||||| |||| 00| 0 spa d a9875170887 aESP a363.256.5 R744di aRoldán, Patricio R. aDigitalización de imágenes en la pericia caligráfica aArgentina bLa Rocca c2006 a426 páginas  aInvestigación Criminal aDOCUMENTOSCOPIA  aPERICIA CALIGRÁFICA  aFIRMA DIGITAL  aFOTOGRAFÍA DIGITAL  aFOTOGRAFÍA TRADICIONAL  aCONSERVACIÓN DE DOCUMENTOS aFIRMAS aEXPEDIENTES DIGITALES aPERICIA CALIGRAFICA aDOCUMENTOS JUDICIALES aPERICIA aCÓDIGO PROCESAL CIVIL aCÓDIGO PROCESAL PENAL